| 000 | 00626nam a2200217 i 4500 | ||
|---|---|---|---|
| 001 | 17345 | ||
| 003 | ES-MaACL | ||
| 005 | 20240528062718.0 | ||
| 007 | t| | ||
| 008 | 010212s1999 fr ||||1| fre d | ||
| 020 | _a2-7456-0066-4 | ||
| 080 | _a821.133.1-1(082.2) | ||
| 245 | 0 | 4 |
_aUne forêt de symboles _b: la poésie : une petite anthologie littéraire. |
| 260 |
_aParis : _bLes Editions du Carrousel, _c[1999] |
||
| 300 |
_a650 p. : _bil. ; _c20 cm. |
||
| 650 | 1 | 7 |
_aPoesía francesa _9136726 |
| 655 | 7 |
_2tgfbne _aPoesías _9176539 |
|
| 852 |
_aES-MaACL _jL-24096 _bR.129448 |
||
| 942 | _2udc | ||
| 999 |
_c17345 _d17345 |
||